| 000 | 00703nam a2200253Ia 4500 | ||
|---|---|---|---|
| 003 | OSt | ||
| 005 | 20220918164726.0 | ||
| 006 | a|||||r|||| 00| 0 | ||
| 007 | ta | ||
| 008 | 220917b |||||||| |||| 00| 0 eng d | ||
| 020 | _a0719010691 | ||
| 024 | _a5,253 | ||
| 037 | _cTextual | ||
| 040 |
_aARTS _cARTS _beng |
||
| 041 |
_2eng _aeng |
||
| 082 | _aV613.N7, M4 (906) | ||
| 100 |
_aGertzel Cherry ed _920311 |
||
| 245 | 0 | _aDynamics of the one-party state in Zambia | |
| 260 |
_aManchester _bManchester Univ Press _c1984 |
||
| 300 |
_axi,262p Bibliography _ccm. |
||
| 650 | _aHISTORY | ||
| 942 |
_hV613.N7, M4 (906) _cTEXL _2CC |
||
| 999 |
_c126197 _d126197 |
||